00629nam a22002057a 450000500170000001000130001702000100003003500130004003700160005304000120006908200150008110000200009624501190011626000380023527000420027330000240031550000200033965000370035965000270039620170124110157.0 aA-226997 c00.00 aA-226997 bCen Lib/Ret aDPLbEN a025.5bMUK aMukherjee, A.K. aGuide to selected reference tools and idological source materials :cby A.K. Mukherjeebclassifies and annotated / aCalcutta bThe world press c1979 bCalcutta a37A college streete700073 axiv,267p.c21cm(Hb) aIncludes index  aLibrary and information science  aReference toolsvGuide